[Event "DBMM 2015 (XV.)"]
[Site "München"]
[Date "2015.10.22"]
[Round "1.1"]
[White "GM Nikolic, Pedrag"]
[Black "WGM Belic, Jordanka"]
[Result "1-0"]
[WhiteElo "2603"]
[BlackElo "2248"]
[PlyCount "80"]
[EventDate "2015.10.22"]
[EventType "team-swiss"]
[EventCountry "GER"]
[WhiteTeam "Europäisches Patentamt Mü. 1"]
[BlackTeam "imp GmbH Halle/Saale 1"]

1. d4 Nc6 2. Nf3 d5 3. c4 Bg4 4. Nc3 e6 5. Bf4 Bxf3 6. gxf3 Bd6 7. Bg3 Nge7 8.
e3 O-O 9. Rc1 dxc4 10. Bxc4 e5 11. dxe5 Nxe5 12. Be2 Nf5 13. f4 Ng6 14. Qd5
Nge7 15. Qxb7 Rb8 16. Qxa7 Rxb2 17. O-O Qa8 18. Qxa8 Rxa8 19. Rb1 Rc2 20. Rb3
g6 21. Bd3 Rd2 22. Bb1 Kg7 23. Ne4 Rd5 24. Rc1 Rda5 25. Nxd6 cxd6 26. e4 Nd4
27. Rb2 f5 28. f3 Ra3 29. Kg2 Kf7 30. Rc7 R8a7 31. Rbb7 Rxb7 32. Rxb7 Ke6 33.
Bh4 Nec6 34. Rxh7 Nxf3 35. exf5+ gxf5 36. Bf2 Nfd4 37. Rh6+ Kd5 38. Rh3 Ra4 39.
a3 Kc5 40. Bxf5 d5 1-0

[Event "DBMM 2015 (XV.)"]
[Site "München"]
[Date "2015.10.22"]
[Round "1.2"]
[White "Reinemann, Günter"]
[Black "Moufang, Rainer"]
[Result "0-1"]
[WhiteElo "1930"]
[BlackElo "2304"]
[PlyCount "72"]
[EventDate "2015.10.22"]
[EventType "swiss"]
[EventCountry "GER"]
[WhiteTeam "imp GmbH Halle/Saale 1"]
[BlackTeam "Europäisches Patentamt Mü. 1"]

1. e4 c5 2. c3 Nf6 3. e5 Nd5 4. d4 cxd4 5. cxd4 d6 6. Nf3 Nc6 7. Be2 g6 8. O-O
Bg7 9. a3 O-O 10. exd6 Qxd6 11. Nc3 Bf5 12. Be3 Rad8 13. Qb3 b6 14. Rac1 Nxe3
15. fxe3 Bh6 16. Nd1 Rc8 17. Rc3 Na5 18. Qa4 Be6 19. e4 Rxc3 20. bxc3 Rc8 21.
d5 Bd7 22. Qb4 Nb7 23. Ba6 Rc7 24. c4 Qc5+ 25. Kh1 Bc1 26. Ne5 Be8 27. Bb5 Bxb5
28. Qxb5 Qxb5 29. cxb5 Nd6 30. a4 Rc2 31. Nf2 Bg5 32. g3 Nc4 33. h4 Bxh4 34.
Nxc4 Bxg3 35. Kg2 Bxf2 36. Rxf2 Rxc4 0-1

[Event "DBMM 2015 (XV.)"]
[Site "München"]
[Date "2015.10.22"]
[Round "1.3"]
[White "Maric, Viktor"]
[Black "Kleint, Gert"]
[Result "1-0"]
[WhiteElo "2285"]
[BlackElo "1757"]
[PlyCount "53"]
[EventDate "2015.10.22"]
[EventType "swiss"]
[EventCountry "GER"]
[WhiteTeam "Europäisches Patentamt Mü. 1"]
[BlackTeam "imp GmbH Halle/Saale 1"]

1. e4 c5 2. Nc3 Nc6 3. g3 g6 4. Bg2 Bg7 5. d3 e6 6. f4 Nge7 7. Nf3 d6 8. O-O
O-O 9. Be3 Nd4 10. Qd2 Rb8 11. Nd1 b5 12. c3 Nxf3+ 13. Bxf3 b4 14. d4 cxd4 15.
cxd4 d5 16. e5 Ba6 17. Rf2 Qb6 18. g4 Rfd8 19. b3 Rbc8 20. Nb2 Qb8 21. Na4 Nc6
22. Rc1 Bb5 23. Nc5 a5 24. f5 gxf5 25. gxf5 exf5 26. Rg2 Kh8 27. Bh6 1-0

[Event "DBMM 2015 (XV.)"]
[Site "München"]
[Date "2015.10.22"]
[Round "1.4"]
[White "Binnewies, Markus"]
[Black "Heer, Stephan"]
[Result "0-1"]
[WhiteElo "1605"]
[BlackElo "2127"]
[PlyCount "90"]
[EventDate "2015.10.22"]
[EventType "swiss"]
[EventCountry "GER"]
[WhiteTeam "imp GmbH Halle/Saale 1"]
[BlackTeam "Europäisches Patentamt Mü. 1"]

1. e4 g6 2. d4 d6 3. Nf3 Bg7 4. Bd3 a6 5. h3 b5 6. c3 Bb7 7. a4 bxa4 8. Qxa4+
Nd7 9. Bg5 h6 10. Be3 e6 11. Nfd2 Ne7 12. Qb3 Rb8 13. Qc2 O-O 14. f3 c5 15.
dxc5 Nxc5 16. Bxc5 dxc5 17. Na3 Qd6 18. O-O-O Nc6 19. Ndc4 Qc7 20. Qf2 Na5 21.
Nxa5 Qxa5 22. Qc2 Bc6 23. Nc4 Qc7 24. Qe2 Rb7 25. e5 Bd5 26. Be4 Bxc4 27. Qxc4
Rb5 28. f4 Rfb8 29. b4 a5 30. bxa5 Qxa5 31. Kd2 Rb2+ 32. Ke3 R8b3 33. Rc1 Ra3
34. Rhd1 Raa2 35. Rb1 h5 36. Rxb2 Rxb2 37. Rd2 Rb8 38. Ra2 Qc7 39. Ra8 Rxa8 40.
Bxa8 h4 41. Qa6 g5 42. Qd6 Qa5 43. Qb8+ Bf8 44. fxg5 Qxc3+ 45. Ke2 Qd4 0-1

[Event "DBMM 2015 (XV.)"]
[Site "München"]
[Date "2015.10.22"]
[Round "1.1"]
[White "Mueller, Joerg"]
[Black "Schramm, Christian"]
[Result "1/2-1/2"]
[WhiteElo "2112"]
[BlackElo "2390"]
[PlyCount "78"]
[EventDate "2015.10.22"]
[EventType "swiss"]
[EventCountry "GER"]
[WhiteTeam "SV Rapid Unilever Hamburg 1"]
[BlackTeam "Allianz Global Investors Ffm 1"]

1. e4 c5 2. Nf3 e6 3. c3 d5 4. e5 Nc6 5. Bb5 Bd7 6. Qe2 Nge7 7. Bxc6 Nxc6 8. d3
Be7 9. O-O O-O 10. c4 d4 11. Bf4 Qe8 12. Nbd2 f5 13. exf6 gxf6 14. Rfe1 Kh8 15.
a3 a5 16. b3 Rg8 17. Bg3 Qf7 18. h3 Rae8 19. Kh1 Rg7 20. Rg1 Reg8 21. Rae1 e5
22. Bh2 b6 23. Qe4 Nd8 24. Qd5 Qe8 25. Qe4 Nf7 26. Qb7 Bc6 27. Qxb6 Qa8 28. b4
axb4 29. axb4 Rb8 30. Qa5 cxb4 31. Qxa8 Rxa8 32. Nxd4 exd4 33. Rxe7 Ng5 34.
Rxg7 Nxh3 35. Rf1 Kxg7 36. Bg3 Ra3 37. Kh2 Rxd3 38. Kxh3 Rxd2 39. Rb1 d3
1/2-1/2

[Event "DBMM 2015 (XV.)"]
[Site "München"]
[Date "2015.10.22"]
[Round "1.2"]
[White "Guth, Thomas"]
[Black "Ristic, Sreten"]
[Result "1-0"]
[WhiteElo "2293"]
[BlackElo "1901"]
[PlyCount "51"]
[EventDate "2015.10.22"]
[EventType "swiss"]
[EventCountry "GER"]
[WhiteTeam "Allianz Global Investors Ffm 1"]
[BlackTeam "SV Rapid Unilever Hamburg 1"]

1. e4 d6 2. Nc3 g6 3. d4 Nh6 4. Nf3 f6 5. Bc4 a6 6. Qe2 b5 7. Bb3 Nd7 8. O-O c5
9. dxc5 Nxc5 10. Bd5 Ra7 11. b4 Nd7 12. Be3 Rc7 13. Qd2 Ng4 14. Nd4 Nde5 15.
Ne6 Bxe6 16. Bxe6 Nxe3 17. Qxe3 g5 18. a4 Nc4 19. Qh3 h5 20. Qf5 Ne5 21. Nd5
Rb7 22. axb5 axb5 23. Ra6 Rb8 24. Ra7 Bg7 25. Nc7+ Kf8 26. Bd5 1-0

[Event "DBMM 2015 (XV.)"]
[Site "München"]
[Date "2015.10.22"]
[Round "1.3"]
[White "Amini, Mahmood"]
[Black "Wahedi, Ahmad Siar"]
[Result "0-1"]
[WhiteElo "1699"]
[BlackElo "2286"]
[PlyCount "54"]
[EventDate "2015.10.22"]
[EventType "swiss"]
[EventCountry "GER"]
[WhiteTeam "SV Rapid Unilever Hamburg 1"]
[BlackTeam "Allianz Global Investors Ffm 1"]

1. e4 e6 2. Nf3 d5 3. exd5 exd5 4. d4 Bd6 5. c4 dxc4 6. Bxc4 Nf6 7. Bg5 O-O 8.
O-O Bg4 9. Nc3 Nbd7 10. h3 Bh5 11. Ne4 Be7 12. Nxf6+ Bxf6 13. Bxf6 Qxf6 14. g4
Bg6 15. Re1 Rae8 16. Qb3 Nb6 17. Ne5 Qf4 18. Nxg6 hxg6 19. Rxe8 Rxe8 20. Rd1
Rd8 21. Kg2 c5 22. dxc5 Rxd1 23. cxb6 Qe4+ 24. f3 Rd2+ 25. Kg3 Qe1+ 26. Kf4
Rd4+ 27. Kg5 Qe7# 0-1

[Event "DBMM 2015 (XV.)"]
[Site "München"]
[Date "2015.10.22"]
[Round "1.4"]
[White "Büscher, Henrik"]
[Black "Kazemi Sresht, Rahim"]
[Result "1-0"]
[WhiteElo "2112"]
[BlackElo "1524"]
[PlyCount "53"]
[EventDate "2015.10.22"]
[EventType "swiss"]
[EventCountry "GER"]
[WhiteTeam "Allianz Global Investors Ffm 1"]
[BlackTeam "SV Rapid Unilever Hamburg 1"]

1. d4 d5 2. e3 Nf6 3. f4 Bf5 4. Nf3 e6 5. c3 Bd6 6. Be2 Nbd7 7. O-O O-O 8. Ne5
c5 9. Nd2 Ne4 10. Bf3 cxd4 11. cxd4 Ndf6 12. Qe2 Nxd2 13. Bxd2 Ne4 14. Rae1 Qc7
15. g4 Nxd2 16. Qxd2 f6 17. gxf5 fxe5 18. fxe5 Be7 19. fxe6 Qd8 20. Qg2 Bh4 21.
Rb1 Qe7 22. Bxd5 Rab8 23. Rxf8+ Kxf8 24. Rf1+ Kg8 25. Rf7 Qg5 26. Qxg5 Bxg5 27.
e7 1-0

[Event "DBMM 2015 (XV.)"]
[Site "München"]
[Date "2015.10.22"]
[Round "1.1"]
[White "Telljohann, Sven"]
[Black "Tokarev, Igor"]
[Result "1-0"]
[WhiteElo "2404"]
[BlackElo "1988"]
[PlyCount "98"]
[EventDate "2015.10.22"]
[EventType "swiss"]
[EventCountry "GER"]
[WhiteTeam "DekaBank DGZ 1"]
[BlackTeam "SV Osram Augsburg 2"]

1. Nf3 c5 2. g3 b6 3. Bg2 Bb7 4. b3 Nf6 5. Bb2 e6 6. O-O Be7 7. c4 O-O 8. Re1
d6 9. Nc3 Qc8 10. e4 e5 11. d3 Nc6 12. Qd2 Re8 13. Ng5 Nd4 14. Ne2 h6 15. Nf3
Qc7 16. h3 Bc8 17. Nfxd4 cxd4 18. f4 Bd7 19. Rf1 b5 20. Rf2 bxc4 21. bxc4 Rab8
22. Raf1 Qb6 23. Bc1 Qb4 24. Qxb4 Rxb4 25. g4 Nh7 26. Ng3 f6 27. Nf5 Bf8 28.
fxe5 fxe5 29. h4 g5 30. Kh2 Reb8 31. Kg3 Rb1 32. Ba3 Rxf1 33. Bxf1 Rb6 34. Bg2
Ra6 35. Bc1 Rb6 36. Rb2 Rxb2 37. Bxb2 Kf7 38. Bf3 Ba4 39. Kf2 gxh4 40. Nxh4 Ng5
41. Be2 Nh3+ 42. Ke1 Nf4 43. Bc1 Bd7 44. Bxf4 exf4 45. Ng2 Bg7 46. Nxf4 Be5 47.
Nd5 Kg6 48. Ne7+ Kf7 49. Nf5 Bxf5 1-0

[Event "DBMM 2015 (XV.)"]
[Site "München"]
[Date "2015.10.22"]
[Round "1.2"]
[White "Kolb, Wolfgang"]
[Black "Fulea, Dan"]
[Result "0-1"]
[WhiteElo "2058"]
[BlackElo "2193"]
[PlyCount "52"]
[EventDate "2015.10.22"]
[EventType "swiss"]
[EventCountry "GER"]
[WhiteTeam "SV Osram Augsburg 2"]
[BlackTeam "DekaBank DGZ 1"]

1. c4 e5 2. Nc3 Nc6 3. g3 f5 4. Bg2 Nf6 5. d3 Bb4 6. Bd2 Bxc3 7. Bxc3 d6 8. e3
O-O 9. Ne2 Qe8 10. O-O Qh5 11. b4 g5 12. b5 Ne7 13. c5 f4 14. cxd6 cxd6 15.
exf4 gxf4 16. gxf4 Bh3 17. fxe5 Bxg2 18. exf6 Bxf1 19. fxe7 Bxe2 20. exf8=Q+
Rxf8 21. Qb3+ d5 22. h3 Qg5+ 23. Kh2 Qf4+ 24. Kh1 Qf3+ 25. Kh2 Qxf2+ 26. Kh1
Bf3# 0-1

[Event "DBMM 2015 (XV.)"]
[Site "München"]
[Date "2015.10.22"]
[Round "1.3"]
[White "Diehm, Alexander"]
[Black "Zunic, Josef"]
[Result "1-0"]
[WhiteElo "2030"]
[BlackElo "1757"]
[PlyCount "47"]
[EventDate "2015.10.22"]
[EventType "swiss"]
[EventCountry "GER"]
[WhiteTeam "DekaBank DGZ 1"]
[BlackTeam "SV Osram Augsburg 2"]

1. d4 d6 2. Nf3 Nf6 3. Nc3 g6 4. e4 Bg7 5. Bg5 c6 6. Bc4 Qa5 7. O-O Bg4 8. Bxf6
Bxf6 9. h3 Bd7 10. e5 dxe5 11. Ne4 O-O 12. Nxf6+ exf6 13. dxe5 Bf5 14. Qd6 Nd7
15. e6 Nb6 16. exf7+ Kg7 17. Bb3 Be4 18. Nd4 Bf5 19. Rad1 Rad8 20. Qc7 Bxh3 21.
gxh3 Qg5+ 22. Kh2 Qe5+ 23. Qxe5 fxe5 24. Ne6+ 1-0

[Event "DBMM 2015 (XV.)"]
[Site "München"]
[Date "2015.10.22"]
[Round "1.4"]
[White "Pilhöfer, Bernd"]
[Black "Ortinau, Peter"]
[Result "0-1"]
[WhiteElo "1543"]
[BlackElo "2070"]
[PlyCount "38"]
[EventDate "2015.10.22"]
[EventType "swiss"]
[EventCountry "GER"]
[WhiteTeam "SV Osram Augsburg 2"]
[BlackTeam "DekaBank DGZ 1"]

1. e4 e5 2. Nf3 Nc6 3. Be2 Nf6 4. d3 d5 5. exd5 Nxd5 6. Nc3 Bb4 7. Bd2 O-O 8.
Nxd5 Bxd2+ 9. Qxd2 Qxd5 10. O-O b6 11. h3 Bb7 12. Ng5 Nd4 13. f3 Nxe2+ 14. Qxe2
Qd4+ 15. Kh2 Qf4+ 16. Kh1 Qxg5 17. Rf2 Rfe8 18. Re1 Re6 19. Qf1 Qg3 0-1

[Event "DBMM 2015 (XV.)"]
[Site "München"]
[Date "2015.10.22"]
[Round "1.1"]
[White "Schmidt, Konrad"]
[Black "Seger, Rüdiger"]
[Result "0-1"]
[WhiteElo "1801"]
[BlackElo "2364"]
[PlyCount "50"]
[EventDate "2015.10.22"]
[EventType "swiss"]
[EventCountry "GER"]
[WhiteTeam "SG Deutscher Bundestag Bonn 1"]
[BlackTeam "Deutsche Post Bonn 1"]

1. Nf3 Nf6 2. g3 g6 3. Bg2 Bg7 4. O-O O-O 5. c4 d5 6. cxd5 Nxd5 7. Nc3 Nb6 8.
d3 Nc6 9. a3 h6 10. Qc2 e5 11. Rb1 Nd4 12. Nxd4 exd4 13. Ne4 Re8 14. Nc5 c6 15.
Re1 Nd5 16. Bd2 b6 17. Na4 c5 18. b4 cxb4 19. Bxb4 Be6 20. Rbc1 Rc8 21. Qb2 Qd7
22. Bxd5 Bxd5 23. Nc5 bxc5 24. Rxc5 Rxc5 25. Bxc5 Qh3 0-1

[Event "DBMM 2015 (XV.)"]
[Site "München"]
[Date "2015.10.22"]
[Round "1.2"]
[White "Gikas, Andreas Basilius"]
[Black "Stark, Rainer"]
[Result "0-1"]
[WhiteElo "2208"]
[BlackElo "2090"]
[PlyCount "112"]
[EventDate "2015.10.22"]
[EventType "swiss"]
[EventCountry "GER"]
[WhiteTeam "Deutsche Post Bonn 1"]
[BlackTeam "SG Deutscher Bundestag Bonn 1"]

1. e4 c6 2. d4 d5 3. e5 Bf5 4. h4 h6 5. g4 Bd7 6. h5 e6 7. f4 c5 8. c3 cxd4 9.
cxd4 Qb6 10. Nc3 Bb4 11. Nf3 Bb5 12. Bg2 Ne7 13. Be3 Bxc3+ 14. bxc3 Qc7 15. Kf2
Qxc3 16. Rb1 Qc6 17. Qb3 Bc4 18. Qxb7 Qxb7 19. Rxb7 Nbc6 20. Nd2 Na5 21. Rc7
Rc8 22. Rxa7 Nec6 23. Nxc4 Nxc4 24. Rb7 O-O 25. Rhb1 Ra8 26. Rc7 Rxa2+ 27. Kf3
Nxe3 28. Kxe3 Rxg2 29. Rxc6 Rxg4 30. Rbc1 Rh4 31. Rc8 Rh3+ 32. Ke2 Rxh5 33.
Rxf8+ Kxf8 34. Rc8+ Ke7 35. Rc7+ Ke8 36. Rc8+ Kd7 37. Rf8 Ke7 38. Rg8 g5 39.
fxg5 Rxg5 40. Rh8 h5 41. Ke3 Rf5 42. Ra8 Rf1 43. Rb8 Rf5 44. Ra8 Rg5 45. Rh8
Kd7 46. Rh7 Ke8 47. Rh8+ Ke7 48. Ra8 Rg4 49. Rh8 Re4+ 50. Kd3 h4 51. Ra8 Rg4
52. Rh8 Rg3+ 53. Ke2 h3 54. Kf2 Rd3 55. Rh4 Kf8 56. Rg4 h2 0-1

[Event "DBMM 2015 (XV.)"]
[Site "München"]
[Date "2015.10.22"]
[Round "1.4"]
[White "Biedeköpper, Robert"]
[Black "Müller, Franz Helmut"]
[Result "1-0"]
[WhiteElo "2021"]
[BlackElo "1700"]
[PlyCount "61"]
[EventDate "2015.10.22"]
[EventType "swiss"]
[EventCountry "GER"]
[WhiteTeam "Deutsche Post Bonn 1"]
[BlackTeam "SG Deutscher Bundestag Bonn 1"]

1. c4 e5 2. Nc3 Nc6 3. g3 Nf6 4. Bg2 Ne7 5. Nf3 Ng6 6. h4 d6 7. h5 Ne7 8. d4
Ng4 9. dxe5 Nxe5 10. Nxe5 dxe5 11. Qxd8+ Kxd8 12. h6 c6 13. hxg7 Bxg7 14. Bg5
f6 15. O-O-O+ Kc7 16. Bh6 Nf5 17. Bxg7 Nxg7 18. Rh6 Be6 19. b3 Raf8 20. Ne4 Ne8
21. Nc5 Bc8 22. Rdh1 Rf7 23. Bh3 Nd6 24. Bxc8 Kxc8 25. e3 b6 26. Nd3 Ne4 27.
Kc2 Kd7 28. R1h4 Ng5 29. f4 Nf3 30. Rh1 Nd4+ 31. exd4 1-0

[Event "XV. DBMM Schach"]
[Site "München"]
[Date "2015.10.22"]
[Round "1.1"]
[White "Safyanovsky, Mark"]
[Black "Gebert Vangeel, Ralf"]
[Result "1/2-1/2"]
[WhiteElo "2248"]
[BlackElo "2041"]
[PlyCount "41"]
[EventDate "2015.10.??"]
[EventType "team-swiss"]
[EventRounds "7"]
[EventCountry "GER"]
[SourceDate "2015.10.22"]
[WhiteTeam "SV Osram Augsburg"]
[BlackTeam "SV Osram Berlin"]
[WhiteTeamCountry "GER"]
[BlackTeamCountry "GER"]

1. Nf3 Nf6 2. c4 Nc6 3. g3 e5 4. Nc3 Bc5 5. Bg2 O-O 6. O-O Re8 7. d3 Nd4 8. e3
Nxf3+ 9. Bxf3 c6 10. d4 Bb4 11. dxe5 Bxc3 12. bxc3 Rxe5 13. Ba3 d5 14. cxd5
cxd5 15. Qd4 Qc7 16. c4 Be6 17. Rfc1 Qb8 18. Bg2 Rh5 19. Be7 dxc4 20. Bxf6 gxf6
21. Rab1 1/2-1/2

[Event "XV. DBMM Schach"]
[Site "München"]
[Date "2015.10.22"]
[Round "1.2"]
[White "Mueller, Gerd"]
[Black "Demir, Bilal"]
[Result "0-1"]
[WhiteElo "1820"]
[BlackElo "2099"]
[PlyCount "72"]
[EventDate "2015.10.??"]
[EventType "team-swiss"]
[EventRounds "7"]
[EventCountry "GER"]
[SourceDate "2015.10.22"]
[WhiteTeam "SV Osram Berlin"]
[BlackTeam "SV Osram Augsburg"]
[WhiteTeamCountry "GER"]
[BlackTeamCountry "GER"]

1. e4 e5 2. Nf3 d6 3. Nc3 Nf6 4. h3 Be7 5. d4 exd4 6. Nxd4 O-O 7. Bc4 Nxe4 8.
Nxe4 d5 9. Bd3 dxe4 10. Bxe4 Re8 11. O-O Bf6 12. Re1 Bxd4 13. Bxh7+ Kxh7 14.
Qd3+ Kg8 15. Rxe8+ Qxe8 16. Qxd4 Qe1+ 17. Kh2 Nc6 18. Qc5 Be6 19. c3 Rd8 20.
Bg5 Qxa1 21. Bxd8 Nxd8 22. Qxc7 Qd1 23. Qb8 a6 24. b3 Qd7 25. c4 Qc8 26. Qd6
Nc6 27. f4 Qd8 28. Qc5 Qd4 29. Qg5 f6 30. Qg3 Nb4 31. Qe1 Qxf4+ 32. Kh1 Qd6 33.
c5 Nd3 34. Qd2 Qg3 35. Qe2 Nf4 36. Qe4 Bd5 0-1

[Event "XV. DBMM Schach"]
[Site "München"]
[Date "2015.10.22"]
[Round "1.3"]
[White "Czap, Bernhard"]
[Black "Naumann, Ingo"]
[Result "1-0"]
[WhiteElo "2073"]
[BlackElo "1700"]
[PlyCount "67"]
[EventDate "2015.10.??"]
[EventType "team-swiss"]
[EventRounds "7"]
[EventCountry "GER"]
[SourceDate "2015.10.22"]
[WhiteTeam "SV Osram Augsburg"]
[BlackTeam "SV Osram Berlin"]
[WhiteTeamCountry "GER"]
[BlackTeamCountry "GER"]

1. Nf3 d5 2. c4 e6 3. b3 Nf6 4. g3 dxc4 5. bxc4 Bb4 6. Bg2 O-O 7. O-O Nc6 8.
Bb2 Qe7 9. d4 Na5 10. Qc2 c5 11. a3 Nc6 12. axb4 Nxb4 13. Qb3 a5 14. Nc3 Ra6
15. dxc5 Qxc5 16. Na4 Qf5 17. Nd4 Qh5 18. Qf3 Qg6 19. Nb5 h5 20. Bxf6 gxf6 21.
Qe4 f5 22. Qh4 Kg7 23. Rfd1 f6 24. Nc5 Ra8 25. Nc7 Ra6 26. N7xa6 bxa6 27. Rxa5
e5 28. Ra4 Nc2 29. Nxa6 Nd4 30. Nc5 Nxe2+ 31. Kh1 Kh6 32. Ra7 Rg8 33. Rd6 f4
34. Rxf6 1-0

[Event "XV. DBMM Schach"]
[Site "München"]
[Date "2015.10.22"]
[Round "1.4"]
[White "Riess, Bernhard"]
[Black "Jermann, Frank"]
[Result "1/2-1/2"]
[WhiteElo "1574"]
[BlackElo "2140"]
[PlyCount "116"]
[EventDate "2015.10.??"]
[EventType "team-swiss"]
[EventRounds "7"]
[EventCountry "GER"]
[SourceDate "2015.10.22"]
[WhiteTeam "SV Osram Berlin"]
[BlackTeam "SV Osram Augsburg"]
[WhiteTeamCountry "GER"]
[BlackTeamCountry "GER"]

1. d4 d5 2. c4 e6 3. Nc3 c5 4. cxd5 exd5 5. Nf3 Nc6 6. e3 Nf6 7. Be2 a6 8. a4
Bd6 9. O-O O-O 10. b3 Re8 11. Bb2 Be6 12. Re1 Rc8 13. Rc1 cxd4 14. Nxd4 Bb4 15.
Nxc6 Rxc6 16. Qd4 Qa5 17. Red1 Rec8 18. Na2 Rxc1 19. Nxc1 Bc3 20. Bxc3 Qxc3 21.
Qb6 Qc7 22. Qd4 h6 23. h3 Qc3 24. Qxc3 Rxc3 25. Bf3 Ne4 26. Bxe4 dxe4 27. b4
Rc4 28. b5 Rxa4 29. bxa6 Rxa6 30. Ne2 b5 31. Rd8+ Kh7 32. Nd4 Bc4 33. Rb8 Ra1+
34. Kh2 Rb1 35. Rb7 Kg6 36. Kg3 Rb2 37. h4 h5 38. Rb6+ f6 39. Nc6 Kh7 40. Na5
Bd3 41. Nb7 b4 42. Nc5 Kg6 43. f3 Bf1 44. Nxe4 Rxg2+ 45. Kf4 Rb2 46. Nc5 Bc4
47. Na4 Rb1 48. Nc3 Rb3 49. Na4 Bf7 50. Nc5 Rb1 51. Nd3 Rh1 52. Ne5+ Kh7 53.
Nxf7 Kg8 54. Nd6 Rxh4+ 55. Kg3 Rh1 56. Rxb4 Rg1+ 57. Kf2 Rg5 58. Ne4 Re5
1/2-1/2

[Event "DBMM 2015 (XV.)"]
[Site "München"]
[Date "2015.10.22"]
[Round "1.1"]
[White "Eggenstein, Frank"]
[Black "Bintakies, Michael"]
[Result "0-1"]
[WhiteElo "2013"]
[BlackElo "2190"]
[PlyCount "70"]
[EventDate "2015.10.22"]
[EventType "swiss"]
[EventCountry "GER"]
[WhiteTeam "RWE Essen 1"]
[BlackTeam "Bayerische Landesbank 1"]

1. e4 d6 2. d4 Nf6 3. Nc3 e5 4. d5 Be7 5. f3 O-O 6. Be3 c6 7. Nge2 Nbd7 8. g4
cxd5 9. exd5 Nb6 10. Ng3 Bd7 11. Qd2 Rc8 12. Bxb6 Qxb6 13. O-O-O Qa5 14. Kb1 a6
15. h4 b5 16. g5 Ne8 17. Bh3 Bxh3 18. Rxh3 f5 19. gxf6 Nxf6 20. Nf5 Rf7 21. Rg1
Kh8 22. Nxe7 Rxe7 23. h5 b4 24. Ne4 Nxd5 25. Qg5 Qc7 26. Rh2 Rf7 27. Rhg2 Nf4
28. Rh2 Ne6 29. Qg4 Re8 30. Rd1 Nd4 31. Ng5 Rf4 32. Qh3 h6 33. Ne4 Nxf3 34. Rf2
Ng5 35. Nxg5 Rxf2 0-1

[Event "DBMM 2015 (XV.)"]
[Site "München"]
[Date "2015.10.22"]
[Round "1.2"]
[White "Bonacci, Mauro"]
[Black "Broksch, Dirk"]
[Result "1-0"]
[WhiteElo "2142"]
[BlackElo "1917"]
[PlyCount "67"]
[EventDate "2015.10.22"]
[EventType "swiss"]
[EventCountry "GER"]
[WhiteTeam "Bayerische Landesbank 1"]
[BlackTeam "RWE Essen 1"]

1. e4 c5 2. Nc3 e6 3. g3 d6 4. Bg2 Nf6 5. Nge2 Be7 6. O-O O-O 7. d4 cxd4 8.
Nxd4 a6 9. a4 Qc7 10. Be3 Nbd7 11. f4 Rb8 12. g4 Nb6 13. g5 Nfd7 14. Nce2 Nc4
15. Bc1 b6 16. b3 Na5 17. Ng3 Bb7 18. Be3 Rfc8 19. Rc1 Qc3 20. Qf3 g6 21. h4
Qc7 22. h5 Nc6 23. Nxc6 Qxc6 24. Bd4 Qc7 25. hxg6 hxg6 26. Qg4 d5 27. Qh4 e5
28. fxe5 Nxe5 29. exd5 Bc5 30. c4 Bxd4+ 31. Qxd4 Qc5 32. Qxc5 Rxc5 33. Rce1 Re8
34. Ne4 1-0

[Event "DBMM 2015 (XV.)"]
[Site "München"]
[Date "2015.10.22"]
[Round "1.3"]
[White "Gielisch, Eckhart"]
[Black "Schmidt, Hans"]
[Result "0-1"]
[WhiteElo "1758"]
[BlackElo "2064"]
[PlyCount "64"]
[EventDate "2015.10.22"]
[EventType "swiss"]
[EventCountry "GER"]
[WhiteTeam "RWE Essen 1"]
[BlackTeam "Bayerische Landesbank 1"]

1. d4 f5 2. c4 Nf6 3. g3 g6 4. Bg2 Bg7 5. Nc3 O-O 6. Nf3 c6 7. O-O d6 8. Qc2
Qc7 9. b4 e5 10. dxe5 dxe5 11. Bb2 Be6 12. c5 h6 13. Rfd1 Nbd7 14. Rd6 Rae8 15.
e3 Bf7 16. a4 e4 17. Nd4 Ne5 18. Nde2 Nd3 19. Ba3 Ng4 20. Rf1 Nge5 21. Nf4 Nxf4
22. gxf4 Nc4 23. Bb2 Nxd6 24. cxd6 Qxd6 25. b5 Rc8 26. Rd1 Qc5 27. Qd2 Bb3 28.
Rc1 Qe7 29. Bf1 Rfd8 30. Qe1 cxb5 31. Bxb5 a6 32. Be2 Rc7 0-1

[Event "DBMM 2015 (XV.)"]
[Site "München"]
[Date "2015.10.22"]
[Round "1.4"]
[White "Luft, Martin"]
[Black "Hielscher, Klaus-Peter"]
[Result "1-0"]
[WhiteElo "2114"]
[BlackElo "1727"]
[PlyCount "57"]
[EventDate "2015.10.22"]
[EventType "swiss"]
[EventCountry "GER"]
[WhiteTeam "Bayerische Landesbank 1"]
[BlackTeam "RWE Essen 1"]

1. d4 Nf6 2. Nf3 g6 3. Bf4 Bg7 4. e3 d6 5. h3 O-O 6. Be2 c5 7. O-O Nc6 8. c3
Nd7 9. Bh2 e5 10. dxe5 dxe5 11. Nbd2 f5 12. Nc4 e4 13. Nfd2 Nde5 14. Qb3 Kh8
15. Rad1 Qe7 16. Nxe5 Nxe5 17. Nc4 Be6 18. Qa4 Nxc4 19. Bxc4 a6 20. Bd6 Qe8 21.
Qxe8 Rfxe8 22. Bxe6 Rxe6 23. Bxc5 Rc8 24. Bb4 b6 25. Rd5 a5 26. Ba3 Rb8 27.
Rfd1 Bf6 28. Rb5 Kg7 29. Rd7+ 1-0

[Event "DBMM 2015 (XV.)"]
[Site "München"]
[Date "2015.10.22"]
[Round "1.1"]
[White "Gottschalk, Jens"]
[Black "Koscielski, Janusz"]
[Result "1-0"]
[WhiteElo "2269"]
[BlackElo "2376"]
[PlyCount "82"]
[EventDate "2015.10.22"]
[EventType "swiss"]
[EventCountry "GER"]
[WhiteTeam "R+V Versicherungen Wiesbaden 1"]
[BlackTeam "EKJ Herne und Wanne-Eickel 1"]

1. d4 Nf6 2. c4 g6 3. Nc3 Bg7 4. g3 O-O 5. Bg2 d6 6. Nf3 Nc6 7. O-O a6 8. Qd3
e5 9. dxe5 Nxe5 10. Nxe5 dxe5 11. Qxd8 Rxd8 12. Bg5 Rd4 13. Rfd1 c6 14. Be3
Rxd1+ 15. Rxd1 Be6 16. b3 Bf8 17. Na4 Nd7 18. Rxd7 Bxd7 19. Nb6 Re8 20. Nxd7
Rd8 21. Bh3 f5 22. Nxe5 Rd1+ 23. Kg2 Ra1 24. a4 Rb1 25. g4 Bd6 26. Nd3 fxg4 27.
Bxg4 Kf7 28. c5 Bc7 29. b4 a5 30. bxa5 Bxa5 31. Ne5+ Ke7 32. Nc4 Bc7 33. Nb6
Bxb6 34. cxb6 Ra1 35. Bc5+ Kd8 36. Bd6 Rxa4 37. Bc7+ Ke8 38. Bc8 Ra3 39. e4 Ra1
40. e5 c5 41. Bxb7 c4 1-0

[Event "DBMM 2015 (XV.)"]
[Site "München"]
[Date "2015.10.22"]
[Round "1.2"]
[White "Leveikina, Jevgenija"]
[Black "Seidler, Lukas"]
[Result "0-1"]
[WhiteElo "2137"]
[BlackElo "2211"]
[PlyCount "74"]
[EventDate "2015.10.22"]
[EventType "swiss"]
[EventCountry "GER"]
[WhiteTeam "EKJ Herne und Wanne-Eickel 1"]
[BlackTeam "R+V Versicherungen Wiesbaden 1"]

1. d4 Nf6 2. g3 e6 3. Bg2 c5 4. c3 d5 5. Nf3 Nc6 6. O-O cxd4 7. cxd4 Bd6 8. Nc3
O-O 9. Bf4 Bxf4 10. gxf4 Qd6 11. e3 Ne8 12. Rc1 Nc7 13. Ne5 Ne7 14. Qc2 f6 15.
Ne2 Na6 16. Nd3 Bd7 17. Ng3 Bb5 18. Rfd1 Bxd3 19. Qxd3 f5 20. Nf1 Qb6 21. Nd2
Rac8 22. Nf3 Nc6 23. Bf1 Nab8 24. Ng5 Rce8 25. Rd2 a6 26. Be2 Rf6 27. Bh5 Ref8
28. Be2 Rh6 29. Qa3 Qd8 30. Qb3 Qe7 31. Rc5 Kh8 32. Qd1 Rh4 33. Qe1 e5 34. Rxd5
exf4 35. Nf3 fxe3 36. fxe3 Qxe3+ 37. Qf2 Rg4+ 0-1

[Event "DBMM 2015 (XV.)"]
[Site "München"]
[Date "2015.10.22"]
[Round "1.3"]
[White "Werner, Gregor"]
[Black "Selmanaj, Agim"]
[Result "1-0"]
[WhiteElo "2125"]
[BlackElo "1599"]
[PlyCount "63"]
[EventDate "2015.10.22"]
[EventType "swiss"]
[EventCountry "GER"]
[WhiteTeam "R+V Versicherungen Wiesbaden 1"]
[BlackTeam "EKJ Herne und Wanne-Eickel 1"]

1. d4 Nf6 2. Nf3 g6 3. c4 Bg7 4. Nc3 d6 5. e4 O-O 6. Be2 Nc6 7. d5 Nb8 8. O-O
e5 9. Ne1 Nbd7 10. Nd3 b6 11. f4 exf4 12. Bxf4 h6 13. Qd2 Kh7 14. Rae1 Nc5 15.
Nxc5 bxc5 16. e5 Ng4 17. e6 Bd4+ 18. Kh1 Nf2+ 19. Rxf2 Bxf2 20. Rf1 Bd4 21.
Bxh6 Bg7 22. Rf3 Qh4 23. Bxg7 Kxg7 24. Rh3 Qxh3 25. gxh3 fxe6 26. Bg4 Rf6 27.
Ne4 Rf8 28. Qc3+ e5 29. Ng5 Bxg4 30. hxg4 Kh6 31. Ne6 Rf7 32. Qh3# 1-0